000 00936nam a2200277Ia 4500
000 nam a22 i 4500
001 UNACH-4161
007 ta
008 221212s ||||fr|||| 00| | spa d
041 0 _aspa
082 0 4 _a155.422
_b
245 1 0 _aDesarrollo de habilidades en los pequeños.
264 3 1 _a[Lugar de publicación no identificado] :
_bEdiciones Pirámide,
_c1996
300 _a269 páginas :
_bilustraciones y tablas
336 _atexto
_btxt
_2rdacontent
337 _ano mediado
_bn
_2rdamedia
338 _avolumen
_bnc
_2rdacarrier
504 _aIncluye: bibliografía.
505 0 _aPrologo.-- Teoría del desarrollo por acumulaciones de habilidades.-- Expresión de emociones.-- Apego afectivo.-- Conciencia de sí mismo.
650 1 4 _aHABILIDADES PARA NEGAR
650 2 4 _aHABILIDADES PARA ACARICIAR
650 2 4 _aINTENCION TACTIL
653 0 _aEstimulación temprana
942 _2ddc
_c1
_n0
999 _c3365
_d3365